Personnages de fiction par couleur de cheveux - Rose - Statistiques

Statistiques générales
  • Ce quiz a été pris 76 fois
  • Le résultat moyen est 5 sur 20
Statistiques - réponses
Par images Réponse % Correct
Natsu Dragneel
65%
Anya Forger
48%
Tecna
48%
Amy Rose
46%
Embarras
40%
Elliott
38%
Perona
35%
Mitsuri Kanroji
34%
Aelita Schaeffer
29%
Effie Trinket
29%
Séraphine
29%
Poppy
26%
Wanda
25%
Girl
11%
Lightning
9%
Maliki
8%
Terreur Fluo
8%
Ramona Flowers
5%
Aitana Lopez
2%
Alice Ayres
2%
Aucun quiz correspondant
Distribution des résultats
% des personnes avec chaque résultat
Percentile par nombre de réponses
Votre historique - résultats
Vous n’avez pas pris ce quiz